U.S. Television - What Channel Was it On? - Statistics

General Stats
  • This quiz has been taken 6,581 times
  • The average score is 11 of 20
Answer Stats
Hint Answer % Correct
Game of Thrones HBO
85%
The Simpsons Fox
79%
South Park Comedy Central
78%
The Sopranos HBO
70%
Saturday Night Live NBC
66%
60 Minutes CBS
64%
The Daily Show Comedy Central
62%
Seinfeld NBC
61%
Friends NBC
59%
Breaking Bad AMC
56%
CSI CBS
54%
Full House ABC
52%
Mad Men AMC
50%
The X-Files Fox
50%
The Office NBC
50%
Lost ABC
46%
General Hospital ABC
44%
Dexter Showtime
39%
Burn Notice USA
39%
How I Met Your Mother CBS
35%
No matching quizzes found
Score Distribution
Percent of People with Each Score
Percentile by Number Answered
Your Score History
You have not taken this quiz